Sports Quiz

Random Sports or NFL Quiz

NFL - 3,000+ Rushing Yards Quiz Stats

 Plays Quiz Updated Jan 5, 2018

Challenge
Share
Tweet
Embed
Score 0/56 Timer 04:00
6 Plays Today
Total (Years) Player % Correct
3,101 (2007-08)Adrian Peterson
96.1%
3,143 (2008-09)Adrian Peterson
96.1%
3,067 (2011-12)Adrian Peterson
96.1%
3,363 (2012-13)*Adrian Peterson
96.1%
3,276 (1991-92)Emmitt Smith
95.2%
3,199 (1992-93)Emmitt Smith
95.2%
3,257 (1994-95)Emmitt Smith
95.2%
3,383 (1994-95)Barry Sanders
94.4%
3,053 (1995-96)Barry Sanders
94.4%
3,606 (1996-97)Barry Sanders
94.4%
3,544 (1997-98)Barry Sanders
94.4%
3,328 (2002-03)LaDainian Tomlinson
92.7%
3,277 (2005-06)LaDainian Tomlinson
92.7%
3,289 (2006-07)LaDainian Tomlinson
92.7%
3,234 (2008-09)Chris Johnson
91.5%
3,370 (2009-10)Chris Johnson
91.5%
3,539 (2005-06)Larry Johnson
91%
3,242 (1976-77)Walter Payton
90%
3,247 (1977-78)Walter Payton
90%
3,005 (1978-79)Walter Payton
90%
3,070 (1979-80)Walter Payton
90%
3,105 (1983-84)Walter Payton
90%
3,235 (1984-85)Walter Payton
90%
3,913 (1983-84)Eric Dickerson
88%
3,339 (1984-85)Eric Dickerson
88%
3,055 (1985-86)Eric Dickerson
88%
3,109 (1986-87)Eric Dickerson
88%
3,288 (1996-97)Terrell Davis
87.9%
Total (Years) Player % Correct
3,758 (1997-98)Terrell Davis
87.9%
3,309 (1963-64)Jim Brown
87.2%
3,131 (2003-04)Shaun Alexander
86.6%
3,576 (2004-05)Shaun Alexander
86.6%
3,378 (2004-05)Tiki Barber
85.2%
3,522 (2005-06)Tiki Barber
85.2%
3,098 (2001-02)Ricky Williams
84.2%
3,225 (2002-03)Ricky Williams
84.2%
3,054 (2004-05)Edgerrin James
82.9%
3,262 (1999-00)Edgerrin James
82.9%
3,096 (1996-97)Jerome Bettis
81.9%
3,393 (2002-03)Jamal Lewis
81.8%
3,072 (2003-04)Jamal Lewis
81.8%
3,254 (1972-73)O.J. Simpson
80.1%
3,128 (1973-74)O.J. Simpson
80.1%
3,320 (1975-76)O.J. Simpson
80.1%
3,170 (2001-02)Priest Holmes
80%
3,035 (2002-03)Priest Holmes
80%
3,005 (2003-04)Curtis Martin
76.2%
3,046 (2003-04)Ahman Green
75.1%
3,123 (2002-03)Ahman Green
75.1%
3,147 (1978-79)Earl Campbell
68.2%
3,631 (1979-80)Earl Campbell
68.2%
3,310 (1980-81)Earl Campbell
68.2%
3,029 (2002-03)Deuce McAllister
59.4%
3,099 (2002-03)Clinton Portis
55.8%
3,205 (1984-85)Gerald Riggs
25.4%
3,046 (1985-86)Gerald Riggs
25.4%

You're not logged in!

Compare scores with friends on all Sporcle quizzes.
Join for Free
OR
Log In

You Might Also Like...

Show Comments

Extras

Top Quizzes Today


Score Distribution

Your Account Isn't Verified!

In order to create a playlist on Sporcle, you need to verify the email address you used during registration. Go to your Sporcle Settings to finish the process.

Report this User

Report this user for behavior that violates our Community Guidelines.

Details: